[Event "SN-2012-0-00444"]
[Site "LSS email"]
[Date "2012.07.07"]
[Round "?"]
[White "Leiva, Juan"]
[Black "Smith, Harry E"]
[Result "1-0"]
[WhiteElo "1400"]
[BlackElo "681"]
[PlyCount "55"]
[EventDate "2012.06.14"]
[EventType "tourn (corr)"]
[EventRounds "6"]
[EventCountry "GER"]
[SourceTitle "Telechess CBM 165"]
[Source "ChessBase"]
[SourceDate "2015.03.11"]
[SourceVersion "1"]
[SourceVersionDate "2015.03.11"]
[SourceQuality "1"]

1. e4 e6 2. Nf3 d5 3. Nc3 Bb4 4. e5 Bxc3 5. dxc3 c6 6. Qd4 Ne7 7. Qg4 0-0 8. Bd3 Ng6 9. Qh5 h6 10. Bxh6 Nd7 11. Bg5 Qe8 12. Be3 f5 13. Ng5 Rf7 14. Qxg6 Nf8 15. Qxf7+ Qxf7 16. Nxf7 Kxf7 17. c4 b6 18. cxd5 cxd5 19. h4 g6 20. h5 Bd7 21. hxg6+ Nxg6 22. Rh7+ Ke8 23. Rg7 Nf8 24. Bh6 Rc8 25. Rg8 Kf7 26. Rxf8+ Ke7 27. Rxc8 Bxc8 28. 0-0-0 1-0

[Event "OP-2012-0-02277"]
[Site "LSS email"]
[Date "2012.07.01"]
[Round "?"]
[White "Sternik, Ryszard"]
[Black "Leiva, Juan"]
[Result "0-1"]
[WhiteElo "1702"]
[BlackElo "1400"]
[PlyCount "94"]
[EventDate "2012.06.29"]
[EventType "tourn (corr)"]
[EventRounds "4"]
[EventCountry "GER"]
[SourceTitle "Telechess CBM 165"]
[Source "ChessBase"]
[SourceDate "2015.03.11"]
[SourceVersion "1"]
[SourceVersionDate "2015.03.11"]
[SourceQuality "1"]

1. e4 c5 2. Nf3 a6 3. c3 e6 4. d4 d5 5. e5 Bd7 6. Bd3 Nc6 7. dxc5 Bxc5 8. Qe2 Nge7 9. Be3 Bxe3 10. Qxe3 Qc7 11. Nbd2 Ng6 12. Bxg6 hxg6 13. 0-0 0-0-0 14. Rfe1 f6 15. c4 Kb8 16. Rac1 g5 17. Nf1 g4 18. Nd4 Nxe5 19. cxd5 Qd6 20. dxe6 Bxe6 21. Red1 Bd5 22. a3 Rhe8 23. Qg3 Qb6 24. Nf5 Bb3 25. Rxd8+ Rxd8 26. N1e3 g6 27. Nh6 Be6 28. Nhxg4 Bxg4 29. Nxg4 Qxb2 30. Rf1 Rd3 31. Qh4 Qd4 32. Qh8+ Ka7 33. Nxe5 fxe5 34. Qf8 e4 35. h3 e3 36. fxe3 Qxe3+ 37. Kh2 Rxa3 38. Qd6 Rc3 39. Qxg6 Qe5+ 40. Kg1 a5 41. Qf5 Qxf5 42. Rxf5 Ka6 43. h4 a4 44. h5 a3 45. Rf8 Kb5 46. Ra8 Kb4 47. Ra7 b5 0-1